Sports Quiz

Random Sports or NFL Quiz
Score 0/15 Timer 05:00
2 Plays Today
Hint Answer % Correct
Passing Yards (Week 15)Drew Brees
96.6%
Passing Yards (Week 15)Nick Foles
90.2%
Rushing Yards (Week 15)Matt Forte
83.2%
Rushing Yards (Week 15)Eddie Lacy
82.9%
Receiving Yards (Week 15)Dez Bryant
82.6%
Rushing Yards (Week 15)DeMarco Murray
82.1%
Receiving Yards (Week 15)DeSean Jackson
81.9%
Passing Yards (Week 15)Kirk Cousins
79.6%
Hint Answer % Correct
Passing Yards (Week 15)Matt Cassel
65.2%
Rushing Yards (Week 15)Ryan Mathews
61%
Receiving Yards (Week 15)Jamaal Charles
57.6%
Passing Yards (Week 15)Ryan Fitzpatrick
57.1%
Rushing Yards (Week 15)Zac Stacy
55.4%
Receiving Yards (Week 15)Greg Jennings
51%
Receiving Yards (Week 15)Kendall Wright
31.9%
Remove Ads.
Support Sporcle.
Get the best of Sporcle when you Go Orange. This ad-free experience offers more features, more stats, and more fun while also helping to support Sporcle. Thank you for becoming a member.

You're not logged in!

Compare scores with friends on all Sporcle quizzes.
OR
Log In

Show Comments

Extras

Top Quizzes Today


Score Distribution

Your Account Isn't Verified!

In order to create a playlist on Sporcle, you need to verify the email address you used during registration. Go to your Sporcle Settings to finish the process.

Report this User

Report this user for behavior that violates our Community Guidelines.

Details: